Parlez-vous Zarbi ? - Statistiques

Statistiques générales
  • Ce quiz a été pris 1 297 fois
    1 296 depuis la dernière actualisation
  • Le résultat moyen est 22 sur 28
Statistiques - réponses
Par images Réponse % Correct
O
98%
Y
98%
I
97%
J
97%
X
97%
P
96%
T
96%
K
95%
W
94%
L
93%
D
91%
N
90%
E
89%
F
87%
S
86%
U
81%
A
80%
H
79%
Z
75%
B
74%
M
70%
C
66%
R
61%
Q
58%
V
51%
G
34%
Point d'exclamation
33%
Point d'interrogation
33%
Aucun quiz correspondant
Distribution des résultats
% des personnes avec chaque résultat
Percentile par nombre de réponses
Votre historique - résultats
Vous n’avez pas pris ce quiz depuis la dernière actualisation